<?xml version='1.0' encoding='UTF-8'?>
  <record xmlns="http://www.loc.gov/MARC21/slim">
    <leader>00000cam a22000007i 4500</leader>
    <controlfield tag="001">ocm69148797</controlfield>
    <controlfield tag="003">OCoLC</controlfield>
    <controlfield tag="005">20250605190802.4</controlfield>
    <controlfield tag="008">950308s1848    ne            000 0 dut d</controlfield>
    <datafield tag="040" ind1=" " ind2=" ">
      <subfield code="a">NLGGC</subfield>
      <subfield code="b">dut</subfield>
      <subfield code="e">fobidrtb</subfield>
      <subfield code="c">NLGGC</subfield>
      <subfield code="d">OCLCO</subfield>
      <subfield code="d">OCLCL</subfield>
      <subfield code="d">OCLCQ</subfield>
    </datafield>
    <datafield tag="029" ind1="0" ind2=" ">
      <subfield code="a">NLGGC</subfield>
      <subfield code="b">134076273</subfield>
    </datafield>
    <datafield tag="035" ind1=" " ind2=" ">
      <subfield code="a">(OCoLC)69148797</subfield>
    </datafield>
    <datafield tag="100" ind1="1" ind2=" ">
      <subfield code="a">Schubärt, T.D.</subfield>
      <subfield code="q">(Toers Diesbergen)</subfield>
      <subfield code="1">https://id.oclc.org/worldcat/entity/E39PBJxd66QmFht7RgwYc9tkDq</subfield>
    </datafield>
    <datafield tag="245" ind1="1" ind2="0">
      <subfield code="a">Atlas van de anatomie des paards in vierendertig steendrukplaten met derzelver verklaring ten gebruike der Veeartsen en kweekelingen aan 's Rijks Veeartsenijschool /</subfield>
      <subfield code="c">door T.D. Schubärt.</subfield>
    </datafield>
    <datafield tag="260" ind1=" " ind2=" ">
      <subfield code="a">Utrecht :</subfield>
      <subfield code="b">Herfkens,</subfield>
      <subfield code="c">1848.</subfield>
    </datafield>
    <datafield tag="300" ind1=" " ind2=" ">
      <subfield code="a">ongepag. ;</subfield>
      <subfield code="c">fol.</subfield>
    </datafield>
    <datafield tag="336" ind1=" " ind2=" ">
      <subfield code="a">tekst</subfield>
      <subfield code="b">txt</subfield>
      <subfield code="2">rdacontent/dut</subfield>
    </datafield>
    <datafield tag="337" ind1=" " ind2=" ">
      <subfield code="a">zonder medium</subfield>
      <subfield code="b">n</subfield>
      <subfield code="2">rdamedia/dut</subfield>
    </datafield>
    <datafield tag="338" ind1=" " ind2=" ">
      <subfield code="a">band</subfield>
      <subfield code="b">nc</subfield>
      <subfield code="2">rdacarrier/dut</subfield>
    </datafield>
    <datafield tag="530" ind1=" " ind2=" ">
      <subfield code="a">Titel is geselecteerd voor digitalisering voor de Universiteit van Amsterdam in het kader van het Google Books-project.</subfield>
    </datafield>
    <datafield tag="758" ind1=" " ind2=" ">
      <subfield code="a">Atlas van de anatomie des paards in vierendertig steendrukplaten met derzelver verklaring ten gebruike der Veeartsen en kweekelingen aan 's Rijks Veeartsenijschool (Text)</subfield>
      <subfield code="1">https://id.oclc.org/worldcat/entity/E39PCFtkvvJ6bKhTprPqQ3kGgX</subfield>
      <subfield code="4">https://id.oclc.org/worldcat/ontology/hasWork</subfield>
    </datafield>
    <datafield tag="770" ind1="0" ind2=" ">
      <subfield code="t">Beschrijving van den atlas bevattende de anatomie des paards in 34 steendrukken</subfield>
    </datafield>
    <datafield tag="776" ind1="0" ind2=" ">
      <subfield code="t">Atlas van de anatomie des paards in vierendertig steendrukplaten met derzelver verklaring ten gebruike der Veeartsen en kweekelingen aan 's Rijks Veeartsenijschool</subfield>
      <subfield code="w">(NL-LeOCL)394428293</subfield>
    </datafield>
    <datafield tag="936" ind1=" " ind2=" ">
      <subfield code="a">BATCHLOAD</subfield>
    </datafield>
  </record>